000 01328nam a2200217 a 4500
008 100930s2004 ||||||||||||||||| || u
020 _a0130890669
050 _aQD 96.N8 Lam
100 _aLambert, Joseph B
245 1 0 _aNuclear magnetic resonance spectroscopy: an introduction to principles, applications, and experimental methods
_cby Joseph B. Lambert and Eugene, P. Mazzola
260 _aUpper Saddle River, New Jersey:
_bPerson/Prentice Hall
_c2004
300 _axiv, various pagings.: ill
350 _a0.00
650 _aNUCLEAR MAGNETIC RESONANCE SPECTROSCOPY
650 0 _aCHEMISTRY--HANDBOOKS, MANUALS, ETC
700 _aMazzola, Eugene P
995 _aANNEX COLLECTION (Main Library)
_e743797
_FCBU-MAIN LIBRARY (Kitwe)
_I0.00
_jQD 96.N8 Lam
_M3
_UAVAILABLE
_WJun 11, 2013
_y743797
_ZAnnex Low-Usage Collection
995 _aANNEX COLLECTION (Main Library)
_e743798
_FCBU-MAIN LIBRARY (Kitwe)
_I0.00
_jQD 96.N8 Lam
_M4
_UAVAILABLE
_WJun 11, 2013
_y743798
_ZAnnex Low-Usage Collection
995 _aMAIN LIBRARY OPEN ACCESS
_D0.00
_e741720
_FCBU-MAIN LIBRARY (Kitwe)
_H1
_I0.00
_jQD 96.N8 Lam
_M1
_UAVAILABLE
_WOct 7, 2010
_y741720
_ZMain Library Open Access Collection
995 _aANNEX COLLECTION (Main Library)
_e743796
_FCBU-MAIN LIBRARY (Kitwe)
_I0.00
_jQD 96.N8 Lam
_M2
_UAVAILABLE
_WJun 11, 2013
_y743796
_ZAnnex Low-Usage Collection
999 _c78841
_d78841